[Event "La Paz op"]
[Site "La Paz"]
[Date "2022.09.18"]
[Round "7"]
[White "Antezana Cordova, Hugo Alexis"]
[Black "El Hage Serrano, Caely Dilsa"]
[Result "0-1"]
[WhiteElo "1076"]
[BlackElo "1552"]
[PlyCount "84"]
[EventDate "2022.09.15"]
[EventType "swiss"]
[EventRounds "7"]
[EventCountry "BOL"]
[SourceTitle "EXT 2023"]
[Source "ChessBase"]
[SourceDate "2022.10.05"]
[SourceVersion "1"]
[SourceVersionDate "2022.10.05"]
[SourceQuality "1"]

1. e4 e6 2. d4 d5 3. Nd2 Nd7 4. Ngf3 dxe4 5. Nxe4 Ngf6 6. Nxf6+ Nxf6 7. c3 Be7 8. Bd3 0-0 9. 0-0 b6 10. Bg5 h6 11. Bh4 Bb7 12. Bxf6 Bxf6 13. Re1 Rc8 14. Be4 Bxe4 15. Rxe4 Qd5 16. Qd3 c5 17. h3 Rfd8 18. a3 cxd4 19. cxd4 Qc4 20. Rd1 Qxd3 21. Rxd3 Rc1+ 22. Kh2 Rc2 23. Rd2 Rxd2 24. Nxd2 Rxd4 25. Re2 Rd3 26. b3 Bg5 27. Ne4 Rxb3 28. Nxg5 hxg5 29. a4 Ra3 30. Re4 Kf8 31. Rc4 Ke8 32. Rc8+ Kd7 33. Rg8 Rxa4 34. Rxg7 Rf4 35. Kg3 Rf5 36. Rg8 Ke7 37. Ra8 Ra5 38. Rb8 Kf6 39. Kf3 Rb5 40. Ke4 a5 41. f4 Rb4+ 42. Kf3 Rxf4+ 0-1